| 000 | 00888akm a2200313a 44500 | ||
|---|---|---|---|
| 008 | 951219s1989 cat | ||
| 041 | _acat | ||
| 041 | _bspa | ||
| 080 | _a616-082(038) | ||
| 110 |
_aBarberà del Vallès. Ajuntament. Servei Municipal de Català _963869 |
||
| 245 | _aVocabulari bàsic de la consulta mèdica | ||
| 245 | _cBarberà del Vallès. Ajuntament. Servei Municipal de Català. | ||
| 245 | _h[tríptic] | ||
| 260 | _a[S.l.] | ||
| 260 | _bGeneralitat de Catalunya. Direcció General de Política Lingüística | ||
| 260 | _c1989 | ||
| 500 | _btermcat | ||
| 520 | _a100 | ||
| 591 | _a4137 | ||
| 592 | _aObra terminològica | ||
| 593 | _aER | ||
| 594 | _a4137 | ||
| 650 |
_asalut pública _963165 |
||
| 901 | _c[<1989>] | ||
| 902 | _a951219 | ||
| 942 |
_cMO _n0 |
||
| 999 |
_c53409 _d53409 |
||